Pays ayant remporté des médailles en judo aux JO 2016 - Statistiques

Statistiques générales
  • Ce quiz a été pris 378 fois
  • Le résultat moyen est 42 sur 56
Statistiques - réponses
Hint
Answer
% Correct
France
100%
+100kg France
100%
France
100%
France
100%
+78kg France
100%
Japon
100%
Japon
100%
-73kg Japon
100%
Japon
100%
-90kg Japon
100%
Japon
100%
Japon
100%
Japon
100%
Japon
100%
-70kg Japon
100%
Japon
100%
Japon
100%
-60kg Russie
90%
-81kg Russie
90%
Russie
90%
Chine
88%
Chine
88%
Brésil
87%
-57kg Brésil
87%
Brésil
87%
Corée du sud
85%
Corée du sud
85%
Corée du sud
85%
Allemagne
83%
-66kg Italie
83%
Italie
83%
-78kg Etats-Unis
80%
Etats-Unis
80%
Royaume-Uni
77%
Géorgie
73%
Géorgie
73%
Belgique
68%
Pays-Bas
62%
Portugal
58%
Kazakhstan
57%
Kazakhstan
57%
Cuba
56%
Mongolie
53%
-48kg Argentine
52%
Azerbaïdjan
48%
Azerbaïdjan
48%
Ouzbékistan
45%
Ouzbékistan
45%
-100kg République Tchèque
40%
-63kg Slovénie
40%
Slovénie
40%
Israël
38%
Israël
38%
-52kg Kosovo
35%
Colombie
24%
Emirats arabes unis
8%
Aucun quiz correspondant
Distribution des résultats
% des personnes avec chaque résultat
Percentile par nombre de réponses
Votre historique - résultats
Vous n’avez pas pris ce quiz